The secret city: a history of race relations in the nation's capital

I tiakina i:
Ngā taipitopito rārangi puna kōrero
Kaituhi matua: Green, Constance McLaughlin (Author)
Hōputu: Pukapuka
Reo:Ingarihi
I whakaputaina: Princeton Princeton University 1967
Ngā marau:
Ngā Tūtohu: Tāpirihia he Tūtohu
Kāore He Tūtohu, Me noho koe te mea tuatahi ki te tūtohu i tēnei pūkete!

MARC

LEADER 00000nam a2200000 a 4500
001 UCP8922
003 CL-VaPUC
008 000317e19670000us |||||||||||||||||eng|d
082 0 4 |a 323.173  |b GRE  |2 21 
100 |a Green, Constance McLaughlin  |e author  |9 572533 
245 1 4 |a The secret city: a history of race relations in the nation's capital 
300 |a 389 p 
942 |c BK 
945 |d 20000317 00:00:00  |a crobeson 
260 |a Princeton  |b Princeton University  |c 1967 
650 0 |a Relaciones raciales   |9 317922 
650 0 |a Derechos civiles y políticos   |9 338684 
651 7 |a WASHINGTON  |2 CL-VaPUC  |9 324092 
583 |a last modification  |c 20171205 04:52:37  |k Rodrigo Vera 
999 |c 285782  |d 285780 
952 |0 0  |1 0  |4 0  |6 323_173000000000000_GRE_1967  |7 0  |8 A  |9 330563  |a BIBHIS  |b BIBHIS  |d 2019-11-20  |i 1391682  |o 323.173 GRE 1967  |p 1391682  |r 2025-01-20  |w 2019-11-20  |y BK  |k HIS